000 01317cam a2200409 i 4500
001 33283
003 KOSZ 005
005 20221230132159.0
008 980702s1995 pl a f |000 0 pol
015 _aPB 1996/1054
020 _a8320810094
040 _aWA N
_cWA N
_dKOSZ 005/HR
046 _k1995
080 _a338.23
080 _a658.2
080 _a339.13
080 _a658.566
100 1 _aWojciechowski, Tadeusz
_d(1925- )
_eAutor
245 1 0 _aMarketing i logistyka na rynku środków produkcji /
_cTadeusz Wojciechowski.
260 _aWarszawa :
_bPaństwowe Wydawnictwo Ekonomiczne,
_c1995.
300 _a241, [3] s. :
_bwykr. ;
_c21 cm.
336 _2rdacontent
_aTekst
_btxt
337 _2rdamedia
_aBez urządzenia pośredniczącego
_bn
338 _2rdacarrier
_aWolumin
_bnc
380 _aKsiążki
388 _a1901-2000
388 _a1989-2000
504 _aBibliogr. s. 239-[242].
650 4 _aLogistyka gospodarcza
650 4 _aMarketing
650 4 _aObrót towarowy
650 4 _aŚrodki produkcji
658 _aZarządzanie i marketing
710 2 _aPaństwowe Wydawnictwo Ekonomiczne
_4pbl.
856 _uhttp://koha.tu.koszalin.pl/cgi-bin/koha/opac-detail.pl?biblionumber=33283
_yKatalog online BPK
942 _2UKD
_cKS
999 _c33283
_d33283